Manual técnico para inseminación artificial / (Record no. 166420)
[ view plain ]
| 000 -CABECERA | |
|---|---|
| campo de control de longitud fija | 00795nam a2200277Ia 4500 |
| 001 - NÚMERO DE CONTROL | |
| campo de control | Z_3311 |
| 003 - IDENTIFICADOR DEL NÚMERO DE CONTROL | |
| campo de control | CHAP |
| 008 - DATOS DE LONGITUD FIJA--INFORMACIÓN GENERAL | |
| campo de control de longitud fija | 220113s1993 xx 000 0 und d |
| 010 ## - NÚMERO DE CONTROL DE LA BIBLIOTECA DEL CONGRESO | |
| Número de control de LC | 166420 |
| 040 ## - FUENTE DE LA CATALOGACIÓN | |
| Centro/agencia transcriptor | CHAP |
| 090 ## - LOCALMENTE ASIGNADO TIPO-LC NÚMERO DE CLASIFICACIÓN (OCLC); NÚMERO DE CLASIFICACIÓN LOCAL (RLIN) | |
| Número de clasificación (OCLC) (R) ; Numero de clasificación, CALL (RLIN) (NR) | Folleto 383 |
| 100 ## - ENTRADA PRINCIPAL--NOMBRE DE PERSONA | |
| Nombre de persona | Rubio Ceja, J Vidal |
| 9 (RLIN) | 140502 |
| 245 ## - MENCIÓN DE TÍTULO | |
| Título | Manual técnico para inseminación artificial / |
| Mención de responsabilidad, etc. | por J Vidal Rubio Ceja y José Fernando de la Torre Sánchez |
| 260 ## - PUBLICACIÓN, DISTRIBUCIÓN, ETC. | |
| Lugar de publicación, distribución, etc. | Acaponeta, Nay. : |
| Nombre del editor, distribuidor, etc. | Campo Experimental "El macho", |
| Fecha de publicación, distribución, etc. | 1993 |
| 300 ## - DESCRIPCIÓN FÍSICA | |
| Extensión | 27 p. ; ilus. |
| 440 ## - MENCIÓN DE SERIE/PUNTO DE ACCESO ADICIONAL--TÍTULO | |
| Título | Folleto técnico no. 2 |
| 9 (RLIN) | 140503 |
| 500 ## - NOTA GENERAL | |
| Nota general | |
| 503 ## - NOTA DE HISTORIA BIBLIOGRÁFICA (BK CF MU) [OBSOLETO] | |
| Nota de historia bibliográfica | |
| 650 ## - PUNTO DE ACCESO ADICIONAL DE MATERIA--TÉRMINO DE MATERIA | |
| Término de materia o nombre geográfico como elemento de entrada | Inseminación artificial I. Torre Sánchez, José Fernando de la II. t. |
| 9 (RLIN) | 140504 |
| 901 ## - ELEMENTOS DE DATOS A LOCAL LDA (RLIN) | |
| a | Folleto 383 |
| 902 ## - ELEMENTOS DE DATOS B LOCAL, LDB (RLIN) | |
| a | A |
| 910 ## - DATOS DE OPCIÓN DEL USUARIO (OCLC) | |
| Datos de opción del usuario | 1993 |
| 942 ## - ELEMENTOS DE PUNTO DE ACCESO ADICIONAL (KOHA) | |
| Tipo de ítem Koha | |
| 942 ## - ELEMENTOS DE PUNTO DE ACCESO ADICIONAL (KOHA) | |
| Tipo de ítem Koha | |
| Estado de retiro | Estado de pérdida | Fuente del sistema de clasificación o colocación | Estado dañado | No para préstamo | Código de colección | Localización permanente | Ubicación/localización actual | Ubicación en estantería | Fecha de adquisición | Total de préstamos | Código de barras | Fecha visto por última vez | Número de copia | Precio válido a partir de | Tipo de ítem Koha |
|---|---|---|---|---|---|---|---|---|---|---|---|---|---|---|---|
| Clasificación Universidad Autónoma de Chapingo | Folletos | Zootecnia | Zootecnia | 09/11/2005 | z_A0508 | 18/01/2022 | 1 | 18/01/2022 | Folleto | ||||||
| Clasificación Universidad Autónoma de Chapingo | Folletos | Zootecnia | Zootecnia | 09/11/2005 | z_A0509 | 18/01/2022 | 2 | 18/01/2022 | Folleto | ||||||
| Clasificación Universidad Autónoma de Chapingo | Folletos | Zootecnia | Zootecnia | 09/11/2005 | z_A0510 | 18/01/2022 | 3 | 18/01/2022 | Folleto | ||||||
| Clasificación Universidad Autónoma de Chapingo | Folletos | Zootecnia | Zootecnia | 09/11/2005 | z_A0511 | 18/01/2022 | 4 | 18/01/2022 | Folleto |
